00690nam a2200169 a 450000100100000000500170001000800410002702000170006804000250008524500880011026000720019830000280027050400310029854600640032950400730039371000540046600004132220201002034803.0130930s1995 sp 000 0 spa d a840000074769 aDO-SdBNPbspacBNPHU03aEl dialecto árabe de Skûra (Marruecos) /cJordi Aguadé, Mohammad El Yaacoubi. aMadrid :bConsejo Superior de Investigaciones Científicas,c1995. a188 p. :bil. ;c25 cm. aBibliografía : p 183-188 aTextos esn español y árabe romanizado (Skura dialecto). aIncluye referencias bibliográficas y notas al pie de las páginas2 aConsejo Superior de Investigaciones Científicas